プロ野球スピリッツA【プロスピA】の外国人選手 (横浜DeNAベイスターズ) - Statistics

General Stats
  • This quiz has been taken 157 times
    3 since last reset
  • The average score is 18 of 36
Answer Stats
選手名 % Correct
投手 A.ジャクソン
100%
投手 A.ケイ
100%
野手(OB) A.ラミレス
100%
投手 E.エスコバー
100%
投手 R.ウィック
100%
野手 T.オースティン
100%
野手(OB) T.ウッズ
100%
投手 T.バウアー
100%
野手 エリアン
50%
野手 A.シリアコ
50%
投手 B.クリスキー
50%
野手(OB) C.ポンセ
50%
野手 D.ビシエド
50%
投手 E.バリオス
50%
投手 G.モスコーソ
50%
投手 J.デュプランティエ
50%
野手(OB) J.ロペス
50%
野手(OB) J.シピン
50%
投手 J.ウィーランド
50%
野手 J.ロマック
50%
投手 J.B.ウェンデルケン
50%
野手(TS) N.ソト
50%
野手(OB) R.ローズ
50%
投手 S.パットン
50%
野手(OB) T.スレッジ
50%
野手 T.アンバギー
50%
投手(OB) Y.エレラ
50%
野手 A.バルディリス
0%
投手 F.ロメロ
0%
野手(OB) G.ブラッグス
0%
投手 J.ルイーズ
0%
投手(OB) M.クルーン
0%
投手 M.ピープルズ
0%
投手 R.ガゼルマン
0%
野手(OB) T.ブランコ
0%
投手 Y.ディアス
0%
No matching quizzes found
Score Distribution
Percent of People with Each Score
Percentile by Number Answered
Your Score History
You have not taken this quiz since the last reset